=LDR 00000nam 2200000 4500 =001 INLIS000000000001551 =005 20130612085942 =008 ***********************************Ind** =035 ##$$0010-061300000001551 =041 ##$$a Ind =082 ##$$a 372.7 =090 ##$$a 372.7, Khu-m =100 ##$$a KHUMAIDI, M =245 ##$$a Matematika dengan penekanan berhitung untuk SD, M. Khumaidi; Arief Rahmat =260 ##$$a 2000 $b Surakarta =300 ##$$a ...jil, ilus, 28 cm =650 ##$$a Matematika =650 ##$$a Pendidikan Dasra (SD) =700 ##$$a RAHMAT, Arief =850 ##$$a NBPNMAT